000 00891nam a2200241Ia 4500
008 240729s9999 xx 000 0 und d
022 _a2410-888X
245 0 _aJournal Riphah College of Rehabilitation Sciences
260 _aPakistan
260 _bFaculty of Rehabilitation & Allied health sciences, Riphah International University
650 _a Industries. Land use. Labor
650 _a Internal medicine
650 _a Labor. Work. Working class
650 _a Neurology. Diseases of the nervous system
650 _a Neurosciences. Biological psychiatry. Neuropsychiatry
650 _a Psychiatry
650 _a Therapeutics. Psychotherapy
650 _a Vocational rehabilitation. Employment of people with disabilities | Medicine
650 _aSocial Sciences
856 _uhttps://doaj.org/toc/12d85a77453646078cf4486677d6d0f2
942 _2ddc
942 _cDOAJEJ
999 _c74830
_d74830
945 _a1
_bMadushi Gamage
_c1
_dMadushi Gamage